000 00986cab a22002295a 4500
001 L141632
008 071206e20071124xxk f 000 0 eng d
035 _a(Sirsi) u141632
041 0 _aeng
100 1 _aDymond, Tony
245 0 0 _aRead the small print and don't lose out
260 _c2007
490 0 _aEstates Gazette
_v(0747) 24 November 2007, 163(1)
520 _aSuggests that public liability insurance policies usually provide cover only for third-party claims, not comprehensive cover. Advises that a contract extension might not provide more cover, unless it is specifically worded. Urges developers to be cautious. (See L140935).
590 _aKA
650 2 4 _aTESCO STORES LTD V CONSTABLE AND OTHERS
651 4 _aUnited Kingdom
_y
690 _aMANAGEMENT-BUSINESS MANAGEMENT-INSURANCE-PROPERTY INSURANCE
700 1 _aMendelblat, Michael
942 _n0
999 _c79555
_d79555
856 _uhttps://www.vlebooks.com/
_zView on VLEbooks. Logins for members only from [email protected]